Vistas of Science Communication/ (Record no. 188055)

MARC details
000 -LEADER
fixed length control field 00838nam a22002657a 4500
005 - DATE AND TIME OF LATEST TRANSACTION
control field 20220509145058.0
010 ## - LCCN (DPL NO)
LC control number ENG-132560
020 ## - INTERNATIONAL STANDARD BOOK NUMBER
International Standard Book Number 9788194008903
Terms of availability 500.00
035 ## - SYSTEM CONTROL NUMBER
System control number EN-116092
037 ## - SOURCE OF ACQUISITION
Source of stock number/acquisition DBAD/PUB
082 ## - DEWEY DECIMAL CLASSIFICATION NUMBER
Classification number 501.4
245 ## - TITLE STATEMENT
Title Vistas of Science Communication/
Statement of responsibility, etc Biswapati Mukherjee...[et al.]
260 ## - PUBLICATION, DISTRIBUTION, ETC. (IMPRINT)
Place of publication, distribution, etc Kolkata
Name of publisher, distributor, etc Indian Science News Association
Date of publication, distribution, etc 2019
270 ## - ADDRESS
Address 92, Acharya Prafulla Chandra Roy Road
City Kolkata
Postal code 700109
300 ## - PHYSICAL DESCRIPTION
Extent vii, 262p
Dimensions 22cm(hbk)
Other physical details Refrences
700 ## - ADDED ENTRY--PERSONAL NAME
Personal name Mukherjee, Biswapati
700 ## - ADDED ENTRY--PERSONAL NAME
Personal name Venkateswaran, T.V.
700 ## - ADDED ENTRY--PERSONAL NAME
Personal name De, Amit Krishna
700 ## - ADDED ENTRY--PERSONAL NAME
Personal name Mandal, Sudhendu
700 ## - ADDED ENTRY--PERSONAL NAME
Personal name Mukherjee, Shankarashis
700 ## - ADDED ENTRY--PERSONAL NAME
Personal name Chattopadhyay, Sabyasachi
700 ## - ADDED ENTRY--PERSONAL NAME
Personal name Chattopadhyay, Subhedu
700 ## - ADDED ENTRY--PERSONAL NAME
Personal name Das, Manas Pratim
942 ## - ADDED ENTRY ELEMENTS (KOHA)
Source of classification or shelving scheme Dewey Decimal Classification
Item type English Books
Classification part 501.4
Call number suffix VIS
Holdings
Withdrawn status Lost status Not for loan Collection code Home library Current library Date acquired Source of acquisition Cost, normal purchase price Full call number Barcode Copy number Cost, replacement price Koha item type
      Non-fiction Patel Nagar Patel Nagar 09/05/2022 DBAD/PUB 500.00 501.4 VIS EN-116092 1 500.00 English Books

© Delhi Public Library
Hit Counter
free hit counter